000 00468nam a2200157Ia 4500
008 210719s2005 xx 000 0 und d
041 _aeng
082 _a658 SALG
100 _aSALDANHA (Lawdin Mario)
245 _aGeneral management functions of the Mangalore roller flour mills.
260 _aMangalore
_bDepartment of Business Management St Aloysius College
_c2005
300 _a101
_bHB
365 _cRs
650 _aProject Reports
906 _aBBM project
999 _c214247
_d214247